Aprender a dirigir: train the trainer: manual práctico para educadores, profesores y directores de formación de personal en las empresas
שמור ב:
| מחבר ראשי: | |
|---|---|
| פורמט: | ספר |
| שפה: | ספרדית |
| יצא לאור: |
Madrid
Paraninfo
1981
|
| מהדורה: | 2a. ed |
| נושאים: | |
| תגים: |
הוספת תג
אין תגיות, היה/י הראשונ/ה לתייג את הרשומה!
|
MARC
| LEADER | 00000nam a2200000 a 4500 | ||
|---|---|---|---|
| 001 | UCW3930 | ||
| 003 | CL-VaPUC | ||
| 008 | 890608e19810000SP |||||||||||||||||spa|d | ||
| 082 | 0 | 4 | |a 302.3 |b BIR |2 21 |
| 100 | 0 | |a Birkenbihl, Michael |e author |9 308365 | |
| 245 | 1 | 0 | |a Aprender a dirigir: train the trainer: manual práctico para educadores, profesores y directores de formación de personal en las empresas |
| 250 | |a 2a. ed | ||
| 300 | |a 359 p | ||
| 942 | |c BK | ||
| 945 | |d 19890608 00:00:00 | ||
| 260 | |a Madrid |b Paraninfo |c 1981 | ||
| 650 | 0 | |a Dinámica de grupos |9 259862 | |
| 650 | 0 | |a Relaciones interpersonales |9 307056 | |
| 650 | 0 | |a Psicología del aprendizaje |9 306854 | |
| 583 | |a last modification |c 19890608 00:00:00 |k Rodrigo Vera | ||
| 999 | |c 217782 |d 217780 | ||
| 952 | |0 0 |1 0 |4 0 |6 302_300000000000000_BIR_1981 |7 0 |8 A |9 206207 |a BIBEDU |b BIBEDU |d 2019-11-15 |i 2739860 |o 302.3 BIR 1981 |p 2739860 |r 2019-11-15 |w 2019-11-15 |y BK |k EDU | ||